[Event "Chess Olympiad"]
[Site "Khanty-Mansiysk RUS"]
[Date "2010.09.23"]
[EventDate "2010.09.21"]
[Round "3"]
[Result "1/2-1/2"]
[White "Romain Edouard"]
[Black "Maxim Rodshtein"]
[WhiteElo "2636"]
[BlackElo "2632"]
[PlyCount "276"]

1. d4 Nf6 2. c4 g6 3. Nc3 d5 4. Bf4 Bg7 5. e3 O-O 6. Rc1 Be6
7. Qb3 c5 8. dxc5 Nc6 9. Nf3 Rc8 10. Rd1 Qa5 11. Qb5 dxc4
12. Bxc4 Bxc4 13. Qxc4 Nb4 14. O-O Qxc5 15. Qxc5 Rxc5 16. e4
Nc6 17. a3 Ng4 18. Rd5 Rxd5 19. exd5 Nce5 20. Nxe5 Nxe5
21. Bg5 Re8 22. Rc1 Nd3 23. Rc2 h6 24. Be3 Rc8 25. Bxa7 Nxb2
26. Rxb2 Rxc3 27. Rb1 Rxa3 28. Bc5 Ra5 29. Bxe7 Rxd5 30. g3 b5
31. Kg2 f5 32. Rc1 Rd7 33. Bb4 Kf7 34. Rc6 Bd4 35. h4 h5
36. Rc8 Rb7 37. Rd8 Bf6 38. Rf8+ Ke6 39. Rg8 Bg7 40. Rd8 Bf6
41. Rd6+ Kf7 42. Rc6 Bd4 43. Rd6 Be5 44. Rc6 Bd4 45. Rd6 Bf6
46. Rc6 f4 47. gxf4 Bxh4 48. f5 gxf5 49. Rh6 Be7 50. Rh7+ Ke6
51. Rh6+ Kf7 52. Rh7+ Kf6 53. Bc3+ Ke6 54. Rh6+ Kd5 55. Rxh5
Ke4 56. Rh7 Ra7 57. Rf7 f4 58. Bd2 Bc5 59. Rxf4+ Kd3 60. Be1
Ra1 61. Rf3+ Ke4 62. Bc3 Ra3 63. Rg3 Kd5 64. Be1 Ra1 65. Bd2
Ra2 66. Rg5+ Kc4 67. Rg4+ Kd3 68. Be1 Re2 69. Kf1 Rc2 70. Kg2
Bd4 71. Rg5 Rb2 72. Rg4 Kc4 73. Rh4 Re2 74. Kf1 Ra2 75. Rg4
Rb2 76. Rh4 Kd3 77. Rh3+ Kc2 78. Ke2 b4 79. Bxb4 Rxb4 80. f4
Bc3 81. f5 Rb5 82. Rf3 Bf6 83. Ke3 Kc3 84. Kf4+ Kd4 85. Rf1
Rb4 86. Rd1+ Kc5+ 87. Kf3 Be5 88. Rd8 Bd6 89. Ke3 Kd5 90. f6
Re4+ 91. Kd3 Rf4 92. Ra8 Rxf6 93. Ra5+ Bc5 94. Ra8 Rf3+
95. Ke2 Re3+ 96. Kd2 Re6 97. Rd8+ Kc4 98. Rc8 Re7 99. Rc6 Kd4
100. Rg6 Re4 101. Rg8 Bb4+ 102. Kc2 Kc4 103. Rg2 Bc3 104. Rh2
Rf4 105. Re2 Rf1 106. Rh2 Ra1 107. Re2 Bd4 108. Kd2 Ra3
109. Kc2 Be3 110. Kb2 Rb3+ 111. Kc2 Rc3+ 112. Kb1 Kd3 113. Rb2
Rc1+ 114. Ka2 Bd4 115. Rb3+ Kc4 116. Rb4+ Kc3 117. Rb3+ Kc2
118. Rb2+ Kd3 119. Rb3+ Bc3 120. Rb1 Rc2+ 121. Kb3 Rd2
122. Ka4 Kc2 123. Rb7 Rd5 124. Ra7 Rc5 125. Ra6 Bd2 126. Ra8
Kc3 127. Rb8 Rc4+ 128. Ka3 Bc1+ 129. Ka2 Rc5 130. Rb3+ Kc2
131. Rb2+ Kd1 132. Rb4 Bd2 133. Rb1+ Kc2 134. Rb2+ Kd3
135. Rb7 Kc4 136. Kb2 Bb4 137. Kc2 Rf5 138. Rc7+ Bc5 1/2-1/2

[Event "Chess Olympiad"]
[Site "Khanty-Mansiysk RUS"]
[Date "2010.09.24"]
[EventDate "2010.09.21"]
[Round "4"]
[Result "0-1"]
[White "Vladimir Hamitevici"]
[Black "Maxim Rodshtein"]
[WhiteElo "2415"]
[BlackElo "2632"]
[PlyCount "88"]

1. d4 Nf6 2. c4 g6 3. g3 c6 4. Bg2 d5 5. cxd5 cxd5 6. Nf3 Bg7
7. O-O O-O 8. Ne5 Ng4 9. Nxg4 Bxg4 10. h3 Bd7 11. Nc3 e6
12. e3 Nc6 13. Na4 Na5 14. Nc5 Bb5 15. Re1 b6 16. Nd3 Qc7
17. Bf1 Rfc8 18. Bd2 Nc4 19. a4 Be8 20. b3 Nd6 21. Rc1 Qd8
22. Bg2 a5 23. Bc3 Ne4 24. Bb2 g5 25. Qe2 f6 26. Rxc8 Rxc8
27. Rc1 Bg6 28. Rxc8 Qxc8 29. Qd1 Bf8 30. Bf3 Bd6 31. Kg2 Qc7
32. g4 Kg7 33. Qc1 Qd7 34. Be2 h5 35. gxh5 Bf5 36. Bg4 Bh7
37. f3 f5 38. fxe4 fxg4 39. e5 Bxd3 40. exd6 Be4+ 41. Kf2 Qxd6
42. Qg1 Qf8+ 43. Ke1 Qb4+ 44. Ke2 Bf3+ 0-1

[Event "Chess Olympiad"]
[Site "Khanty-Mansiysk RUS"]
[Date "2010.09.25"]
[EventDate "2010.09.21"]
[Round "5"]
[Result "0-1"]
[White "Maxim Rodshtein"]
[Black "Sergei Rublevsky"]
[WhiteElo "2632"]
[BlackElo "2683"]
[PlyCount "80"]

1. d4 d5 2. c4 c6 3. Nc3 Nf6 4. e3 e6 5. Nf3 a6 6. Qc2 c5
7. cxd5 exd5 8. Be2 Be6 9. dxc5 Bxc5 10. Nd4 O-O 11. O-O Qd6
12. Rd1 Nc6 13. Nxc6 bxc6 14. b3 Ng4 15. Bxg4 Bxg4 16. Ne2 Bb6
17. Re1 Bc7 18. Ng3 h5 19. h3 h4 20. Nf1 Bh5 21. Bb2 Rfe8
22. Rac1 Re6 23. f4 Ba5 24. Bc3 Bb6 25. Qf2 Qe7 26. f5 Rh6
27. f6 gxf6 28. Qxh4 Kh7 29. Ng3 Bg6 30. Qxf6 Bxe3+ 31. Rxe3
Qxe3+ 32. Kh2 Rg8 33. Bb2 c5 34. Rc3 Qd4 35. Qf3 Qe5 36. Bc1
d4 37. Rc4 Rh4 38. b4 cxb4 39. Rxb4 Rc8 40. Bb2 Rc2 0-1

[Event "Chess Olympiad"]
[Site "Khanty-Mansiysk RUS"]
[Date "2010.09.27"]
[EventDate "2010.09.21"]
[Round "6"]
[Result "1-0"]
[White "Maxim Rodshtein"]
[Black "Efrain Palacios"]
[WhiteElo "2632"]
[BlackElo "2184"]
[PlyCount "113"]

1. d4 d5 2. c4 c6 3. Nf3 Nf6 4. Nc3 e6 5. e3 Nbd7 6. Qc2 Bd6
7. Bd3 O-O 8. O-O dxc4 9. Bxc4 e5 10. Bb3 exd4 11. exd4 Nb6
12. Bg5 Be7 13. Rfe1 Nbd5 14. Re5 Be6 15. Rae1 Re8 16. Qe2 Qd7
17. h3 Rad8 18. Nxd5 cxd5 19. Bc2 a6 20. Qe3 Rc8 21. Bb1 g6
22. g4 Rc6 23. Qf4 Qd8 24. R5e3 Nd7 25. Bxe7 Qxe7 26. Rb3 b5
27. Rbe3 Rec8 28. Kg2 Kg7 29. Ne5 Nxe5 30. Rxe5 Qc7 31. g5 Kg8
32. h4 Rc1 33. Qe3 Rxe1 34. Qxe1 Qc1 35. Rxe6 fxe6 36. Qxe6+
Kf8 37. Qf6+ Kg8 38. Qe6+ Kf8 39. Qe5 Kf7 40. Qxd5+ Ke7
41. Qe5+ Kf7 42. Be4 Rc7 43. Qf6+ Ke8 44. Qh8+ Ke7 45. Qxh7+
Kd8 46. Qh8+ Kd7 47. Qg7+ Kd8 48. Qf8+ Kd7 49. Qf7+ Kd8
50. Qg8+ Ke7 51. Qg7+ Kd8 52. Qf6+ Kd7 53. d5 Qc4 54. Qxg6 Qd4
55. Qe6+ Kd8 56. d6 Ra7 57. Bf5 1-0

[Event "Chess Olympiad"]
[Site "Khanty-Mansiysk RUS"]
[Date "2010.09.30"]
[EventDate "2010.09.21"]
[Round "9"]
[Result "1/2-1/2"]
[White "Maxim Rodshtein"]
[Black "Ferenc Berkes"]
[WhiteElo "2632"]
[BlackElo "2678"]
[PlyCount "74"]

1. d4 Nf6 2. c4 e6 3. Nf3 d5 4. g3 Bb4+ 5. Bd2 Be7 6. Bg2 O-O
7. O-O c6 8. Qc2 Nbd7 9. Bf4 b6 10. Nc3 Bb7 11. Rfd1 dxc4
12. Nd2 Nd5 13. Nxc4 Nxf4 14. gxf4 Nf6 15. Ne5 Nd5 16. f5 Bd6
17. Ne4 exf5 18. Nxd6 Qxd6 19. Qxf5 Rac8 20. Rac1 Rc7 21. a3
Ne7 22. Qh5 g6 23. Nc4 Qd8 24. Qg5 Bc8 25. Qf6 Nf5 26. Qxd8
Rxd8 27. e3 Nh4 28. Bh1 Bg4 29. Rd3 Be2 30. Rd2 Nf3+ 31. Bxf3
Bxf3 32. Ne5 Bd5 33. Kf1 f6 34. Nd3 c5 35. b4 c4 36. Nf4 Bf7
37. Ne2 g5 1/2-1/2

[Event "Chess Olympiad"]
[Site "Khanty-Mansiysk RUS"]
[Date "2010.10.01"]
[EventDate "2010.09.21"]
[Round "10"]
[Result "1/2-1/2"]
[White "Alexander Onischuk"]
[Black "Maxim Rodshtein"]
[WhiteElo "2688"]
[BlackElo "2632"]
[PlyCount "132"]

1. d4 Nf6 2. c4 g6 3. Nc3 d5 4. Nf3 Bg7 5. Qb3 dxc4 6. Qxc4
O-O 7. e4 a6 8. Be2 b5 9. Qb3 c5 10. dxc5 Be6 11. Qc2 Nbd7
12. Be3 Rc8 13. c6 Rxc6 14. Nd4 Rd6 15. Nxe6 Rxe6 16. O-O Rc6
17. Qb3 Nc5 18. Qb4 Nd3 19. Bxd3 Qxd3 20. Rad1 Qc4 21. Qxc4
Rxc4 22. f3 e6 23. Rd6 Ra8 24. Rfd1 Rcc8 25. Kf2 Bf8 26. R6d3
Bb4 27. a3 Ba5 28. b4 Bc7 29. Bc5 g5 30. g3 Be5 31. Ke3 h6
32. R1d2 Nh5 33. Ne2 a5 34. f4 axb4 35. axb4 Ba1 36. Kf3 Nf6
37. h3 Kh7 38. Nc1 Rg8 39. Nb3 gxf4 40. gxf4 Ra3 41. Bf2 Rc8
42. Bc5 Rg8 43. Rd1 Bb2 44. Bf2 Rc8 45. Nc5 Rca8 46. Rxa3
Rxa3+ 47. Rd3 Bc3 48. Na6 Rxa6 49. Rxc3 Ra4 50. Bd4 Ne8
51. Bc5 Ra1 52. Be7 Ra7 53. Bf8 Ra1 54. e5 Ng7 55. Bxg7 Kxg7
56. Rc5 Ra3+ 57. Kg2 Kg6 58. Rxb5 Kf5 59. Rb7 Kxf4 60. Rxf7+
Kxe5 61. Rf3 Ra2+ 62. Rf2 Rxf2+ 63. Kxf2 Kd4 64. Kf3 e5 65. b5
e4+ 66. Ke2 Ke5 1/2-1/2

[Event "Chess Olympiad"]
[Site "Khanty-Mansiysk RUS"]
[Date "2010.10.03"]
[EventDate "2010.09.21"]
[Round "11"]
[Result "1/2-1/2"]
[White "Maxim Rodshtein"]
[Black "Pavel Eljanov"]
[WhiteElo "2632"]
[BlackElo "2761"]
[PlyCount "60"]

1. d4 Nf6 2. c4 e6 3. Nf3 Bb4+ 4. Nbd2 O-O 5. a3 Be7 6. e4 d5
7. e5 Nfd7 8. Bd3 c5 9. Qc2 h6 10. O-O a5 11. Nb3 b6 12. cxd5
exd5 13. Bb5 a4 14. Nbd2 cxd4 15. b4 axb3 16. Nxb3 d3 17. Bxd3
Nc5 18. Bh7+ Kh8 19. Nbd4 Be6 20. Bf5 Qd7 21. Rb1 Ra6 22. Be3
Nc6 23. Rfd1 Nxd4 24. Nxd4 Rc8 25. Nxe6 fxe6 26. Bg4 Qe8
27. Rdc1 Rca8 28. h3 Qf7 29. Be2 Rxa3 30. Rxb6 Ra2 1/2-1/2

[Event "Chigorin Mem Classic Open"]
[Site "St Petersburg RUS"]
[Date "2010.10.28"]
[EventDate "2010.10.28"]
[Round "1"]
[Result "1-0"]
[White "Angelo Damia"]
[Black "Maxim Rodshtein"]
[WhiteElo "2287"]
[BlackElo "2632"]
[PlyCount "95"]

1. d4 Nf6 2. c4 e6 3. Nc3 Bb4 4. Qc2 O-O 5. a3 Bxc3+ 6. Qxc3
d6 7. e3 b6 8. f3 c5 9. Bd3 cxd4 10. exd4 d5 11. Ne2 dxc4
12. Bxc4 Ba6 13. O-O Bxc4 14. Qxc4 Qd5 15. Qxd5 Nxd5 16. Bd2
Nc6 17. Rfc1 Rfc8 18. b4 a6 19. Rc2 Nce7 20. Rac1 Kf8 21. Nf4
Rxc2 22. Rxc2 Nxf4 23. Bxf4 Ke8 24. Kf2 Nd5 25. Bd2 Kd7 26. a4
Rc8 27. Rxc8 Kxc8 28. Ke2 Kd7 29. Kd3 Kc6 30. Ke4 Nf6+ 31. Kd3
b5 32. a5 Kd5 33. Bg5 Nd7 34. Be7 Nb8 35. Bc5 Nc6 36. Kc3 h5
37. Bb6 Ne7 38. Kd3 Ng6 39. g3 Ne7 40. Bc5 Nc6 41. h3 g5
42. g4 hxg4 43. hxg4 f5 44. f4 e5 45. fxg5 exd4 46. gxf5 Ne5+
47. Ke2 d3+ 48. Kd1 1-0

[Event "Chigorin Mem Classic Open"]
[Site "St Petersburg RUS"]
[Date "2010.10.29"]
[EventDate "2010.10.28"]
[Round "2"]
[Result "0-1"]
[White "Men Cher Kaneyama"]
[Black "Maxim Rodshtein"]
[WhiteElo "1956"]
[BlackElo "2632"]
[PlyCount "66"]

1. e4 c5 2. Nf3 e6 3. d4 cxd4 4. Nxd4 a6 5. Nc3 d6 6. Be2 Nf6
7. O-O Be7 8. Be3 O-O 9. f4 Nc6 10. Bf3 Bd7 11. Qe2 Qc7
12. Qf2 Rac8 13. g4 Nxd4 14. Bxd4 Bc6 15. Bb6 Qb8 16. g5 Nd7
17. Be3 b5 18. Ne2 Bb7 19. Ng3 g6 20. h4 Rc4 21. b3 Rc3
22. Bg4 Rc7 23. f5 Ne5 24. Bd1 f6 25. gxf6 Bxf6 26. h5 gxf5
27. h6 Bh4 28. Qg2 Kh8 29. Rf4 Qd8 30. Nh5 Rg8 31. Ng7 Rcxg7
32. hxg7+ Rxg7 33. Bg4 Bf6 0-1

[Event "Chigorin Mem Classic Open"]
[Site "St Petersburg RUS"]
[Date "2010.10.30"]
[EventDate "2010.10.28"]
[Round "3"]
[Result "0-1"]
[White "Maxim Rodshtein"]
[Black "Petr Letov"]
[WhiteElo "2632"]
[BlackElo "2264"]
[PlyCount "100"]

1. c4 Nf6 2. Nc3 c5 3. Nf3 Nc6 4. d4 cxd4 5. Nxd4 Qb6 6. Nc2
e6 7. g3 Ne5 8. e4 Bc5 9. Qe2 d6 10. b3 Bd7 11. f4 Neg4 12. h3
Nf2 13. Rh2 Bd4 14. Nxd4 Qxd4 15. Bb2 N2xe4 16. Rd1 Nxc3
17. Rxd4 Nxe2 18. Rxe2 Ke7 19. Ba3 Ne8 20. c5 Bc6 21. cxd6+
Kd7 22. f5 Nf6 23. fxe6+ fxe6 24. h4 Rhf8 25. Bh3 Rae8 26. Re5
Ng8 27. Rg5 Rf7 28. Rf4 Nf6 29. Re5 Rff8 30. Rg5 Rf7 31. Rf2
b5 32. Re5 Rff8 33. Bb4 h6 34. Rfe2 Bd5 35. g4 Bf3 36. Rxb5
Bxe2 37. Rb7+ Kc6 38. Rc7+ Kb5 39. d7 Kxb4 40. dxe8=Q Nxe8
41. a3+ Kb5 42. Rxa7 Bf3 43. b4 Bd5 44. Bf1+ Kb6 45. Re7 Kc6
46. b5+ Kd6 47. Ra7 e5 48. a4 Rf7 49. Ra6+ Kc5 50. a5 Nd6 0-1

[Event "Chigorin Mem Classic Open"]
[Site "St Petersburg RUS"]
[Date "2010.10.31"]
[EventDate "2010.10.28"]
[Round "4"]
[Result "1-0"]
[White "Maxim Rodshtein"]
[Black "Valery Kozenkov"]
[WhiteElo "2632"]
[BlackElo "2132"]
[PlyCount "49"]

1. d4 d5 2. c4 c6 3. Nf3 Nf6 4. Nc3 e6 5. e3 Nbd7 6. Qc2 Bd6
7. Bd3 O-O 8. O-O dxc4 9. Bxc4 e5 10. Bb3 Qe7 11. h3 b6
12. Rd1 Bb7 13. e4 exd4 14. Nxd4 g6 15. Bg5 Bb4 16. a3 Bxc3
17. Qxc3 c5 18. Nf3 h6 19. Rxd7 Qxd7 20. Qxf6 hxg5 21. Qxg6+
Kh8 22. Qh6+ Kg8 23. Nxg5 Rfb8 24. Rd1 Qe7 25. Qh7+ 1-0

[Event "Chigorin Mem Classic Open"]
[Site "St Petersburg RUS"]
[Date "2010.11.02"]
[EventDate "2010.10.28"]
[Round "6"]
[Result "1/2-1/2"]
[White "Ilya Duzhakov"]
[Black "Maxim Rodshtein"]
[WhiteElo "2336"]
[BlackElo "2632"]
[PlyCount "84"]

1. d4 Nf6 2. c4 g6 3. g3 c6 4. Bg2 d5 5. Nf3 Bg7 6. O-O O-O
7. Qb3 dxc4 8. Qxc4 Bf5 9. Nc3 Nbd7 10. Bf4 Ne4 11. Rad1 Qa5
12. Nd2 Nxc3 13. Qxc3 Qxa2 14. Nb3 Qa6 15. e4 Be6 16. Qe3 Bxb3
17. Qxb3 e5 18. dxe5 Nxe5 19. Bxe5 Bxe5 20. Rd7 b5 21. f4 Bd4+
22. Kh1 Qb6 23. Rd1 c5 24. e5 Rab8 25. Bd5 c4 26. Qa3 Bc5
27. Qf3 Rbe8 28. Rb7 Qa6 29. Rxf7 Rxf7 30. Bxf7+ Kxf7 31. Qd5+
Re6 32. Qxc5 Qc6+ 33. Qxc6 Rxc6 34. Rd7+ Ke6 35. Rxa7 b4
36. Ra1 c3 37. bxc3 bxc3 38. Kg2 c2 39. Rc1 Kd5 40. Kf3 Kd4
41. g4 g5 42. fxg5 Kxe5 1/2-1/2

[Event "Chigorin Mem Classic Open"]
[Site "St Petersburg RUS"]
[Date "2010.11.03"]
[EventDate "2010.10.28"]
[Round "7"]
[Result "1/2-1/2"]
[White "Maxim Rodshtein"]
[Black "Daria Charochkina"]
[WhiteElo "2632"]
[BlackElo "2303"]
[PlyCount "109"]

1. d4 d5 2. c4 c6 3. Nf3 Nf6 4. Nbd2 Bf5 5. Nh4 Be4 6. Qb3 Qc7
7. f3 Bg6 8. e3 e6 9. g3 Be7 10. Kf2 O-O 11. Nxg6 hxg6 12. Qc2
c5 13. dxc5 Bxc5 14. Nb3 Bd6 15. Bd2 Nbd7 16. Rc1 Rac8 17. Qb1
Qb8 18. Be2 dxc4 19. Rxc4 Rxc4 20. Bxc4 Nc5 21. Rd1 b5
22. Nxc5 bxc4 23. Na4 Nd5 24. Qc2 Rc8 25. e4 Nb4 26. Bxb4 Bxb4
27. Kg2 Qc7 28. Rd4 Be7 29. Qd2 Bf6 30. Rd7 Rd8 31. Rxd8+ Bxd8
32. Kf2 Bf6 33. Ke2 Qc6 34. Qb4 Be5 35. Nc3 a5 36. Qb5 Qc7
37. a4 Bd4 38. Kf1 Kf8 39. f4 Ke7 40. Ke2 f6 41. Kf3 Kf7
42. h4 f5 43. h5 Bxc3 44. hxg6+ Kxg6 45. bxc3 Kf6 46. exf5
exf5 47. Qd5 g6 48. Ke3 g5 49. Kf3 gxf4 50. gxf4 Kg7 51. Kg3
Kf6 52. Qa8 Qc5 53. Kf3 Kf7 54. Kg2 Qd6 55. Qxa5 1/2-1/2

[Event "Chigorin Mem Classic Open"]
[Site "St Petersburg RUS"]
[Date "2010.11.04"]
[EventDate "2010.10.28"]
[Round "8"]
[Result "1-0"]
[White "Maxim Rodshtein"]
[Black "Igor V Popelyshev"]
[WhiteElo "2632"]
[BlackElo "2047"]
[PlyCount "73"]

1. d4 d5 2. c4 c6 3. Nf3 Nf6 4. Nc3 e6 5. e3 Nbd7 6. Qc2 Bd6
7. Bd3 dxc4 8. Bxc4 b5 9. Bd3 Bb7 10. O-O O-O 11. Rd1 Qc7
12. Bd2 Rac8 13. b4 Bxb4 14. Nxb5 cxb5 15. Qxc7 Rxc7 16. Bxb4
Re8 17. Ba5 Bxf3 18. gxf3 Rb7 19. Rdc1 Nd5 20. e4 Nf4 21. Bf1
g5 22. Rab1 a6 23. Rc6 Ra8 24. Rbc1 Kg7 25. Rd6 h5 26. h4 g4
27. d5 gxf3 28. dxe6 fxe6 29. Bd2 Ne2+ 30. Bxe2 fxe2 31. f3
Kf7 32. Kf2 Ne5 33. Kxe2 Nc4 34. Rc6 Ke7 35. Rb1 Kd7 36. Rc5
Kd6 37. Bb4 1-0

[Event "Chigorin Mem Classic Open"]
[Site "St Petersburg RUS"]
[Date "2010.11.05"]
[EventDate "2010.10.28"]
[Round "9"]
[Result "0-1"]
[White "Alessandro Bove"]
[Black "Maxim Rodshtein"]
[WhiteElo "2397"]
[BlackElo "2632"]
[PlyCount "96"]

1. e4 c6 2. c4 d5 3. cxd5 cxd5 4. exd5 Nf6 5. Nc3 Nxd5 6. Nf3
Nc6 7. Bb5 e6 8. O-O Be7 9. d4 O-O 10. Re1 Nf6 11. Bf4 Nb4
12. Qe2 a6 13. Bc4 b5 14. Bb3 Bb7 15. Rad1 Nbd5 16. Bd2 Rc8
17. Ne5 Nxc3 18. bxc3 Bd5 19. Qd3 Qc7 20. Rc1 Ba3 21. Rb1 Bd6
22. Bc2 g6 23. Qh3 Nd7 24. Ng4 b4 25. Bh6 Rfe8 26. Ba4 f5
27. Ne3 Bxa2 28. Ra1 b3 29. Nd1 Re7 30. Bg5 Nb6 31. Bxb3 Bxb3
32. Bxe7 Bxe7 33. Rxa6 Nd5 34. Ra1 Nf4 35. Qe3 Bd5 36. f3 g5
37. Qe5 Bd6 38. Qf6 Be7 39. Qe5 Qd8 40. Nf2 Rxc3 41. Reb1 Bd6
42. Qe1 Rc2 43. Qd1 Qc7 44. Ra7 Qxa7 45. Qxc2 Qxd4 46. Qc8+
Bf8 47. Qd8 h6 48. Qd7 Nd3 0-1

[Event "Aeroflot Open"]
[Site "Moscow RUS"]
[Date "2011.02.09"]
[EventDate "2011.02.08"]
[Round "2"]
[Result "1-0"]
[White "Maxim Rodshtein"]
[Black "Nazi Paikidze"]
[WhiteElo "2625"]
[BlackElo "2455"]
[PlyCount "67"]

1. d4 d5 2. c4 c6 3. Nf3 Nf6 4. Nc3 e6 5. e3 Nbd7 6. Qc2 Bd6
7. Bd3 O-O 8. O-O dxc4 9. Bxc4 a6 10. Rd1 b5 11. Bd3 Qc7
12. Bd2 c5 13. Ne4 c4 14. Nxd6 Qxd6 15. Be2 Bb7 16. b3 Bd5
17. Qb2 Ne4 18. Ba5 Rac8 19. Ne1 c3 20. Qc1 c2 21. Rd3 Nxf2
22. Kxf2 Qxh2 23. Nf3 Qd6 24. Kg1 e5 25. dxe5 Nxe5 26. Nxe5
Qxe5 27. Rd4 Rfe8 28. Qd2 Be4 29. Rc1 Qg5 30. Bf1 Rc6 31. Qf2
f5 32. Qf4 Qh5 33. Rd7 Rg6 34. Bc3 1-0

[Event "World Cup"]
[Site "Khanty-Mansiysk RUS"]
[Date "2011.08.28"]
[EventDate "2011.08.28"]
[Round "1.1"]
[Result "0-1"]
[White "Maxim Rodshtein"]
[Black "Pentala Harikrishna"]
[WhiteElo "2637"]
[BlackElo "2669"]
[PlyCount "68"]

1. d4 Nf6 2. c4 e6 3. Nf3 d5 4. g3 Be7 5. Bg2 O-O 6. O-O dxc4
7. Qc2 a6 8. a4 Bd7 9. Qxc4 Bc6 10. Bf4 a5 11. Nc3 Na6 12. Ne5
Bxg2 13. Kxg2 Nd5 14. Rad1 Nxf4+ 15. gxf4 c6 16. e3 Nb4
17. Rg1 Nd5 18. Kh1 f6 19. Nf3 Qd7 20. Rg3 Rf7 21. Qd3 Rd8
22. Rh3 g6 23. Rg3 c5 24. dxc5 Bxc5 25. Nxd5 exd5 26. h4 Qxa4
27. h5 Rg7 28. b3 Qe8 29. Qc3 Qc6 30. Qxa5 Bb6 31. Qb4 d4
32. exd4 Bc7 33. hxg6 hxg6 34. Rh3 Rh7 0-1

[Event "World Cup"]
[Site "Khanty-Mansiysk RUS"]
[Date "2011.08.29"]
[EventDate "2011.08.28"]
[Round "1.2"]
[Result "1/2-1/2"]
[White "Pentala Harikrishna"]
[Black "Maxim Rodshtein"]
[WhiteElo "2669"]
[BlackElo "2637"]
[PlyCount "125"]

1. d4 Nf6 2. c4 e6 3. g3 d5 4. Nf3 dxc4 5. Bg2 c6 6. a4 c5
7. O-O Bd7 8. Na3 Bc6 9. Nxc4 Bd5 10. Ne3 Be4 11. dxc5 Nc6
12. Nc4 Bxc5 13. Qxd8+ Rxd8 14. Bg5 Ke7 15. Ncd2 Bg6 16. Rfc1
Bb4 17. Nb3 Be4 18. Be3 Bd5 19. Nbd4 a6 20. Nxc6+ Bxc6
21. Rxc6 bxc6 22. Ne5 c5 23. Nc6+ Ke8 24. Nxd8 Kxd8 25. Rc1
Nd7 26. Bb7 a5 27. Bc6 Kc7 28. Bxd7 Kxd7 29. Bxc5 Bxc5
30. Rxc5 Rb8 31. Rxa5 Rxb2 32. Ra7+ Ke8 33. e3 g5 34. g4 Kf8
35. Kg2 Kg7 36. Kg3 Kg6 37. Ra8 Ra2 38. Ra5 h6 39. h3 Kf6
40. Ra7 Ra3 41. h4 gxh4+ 42. Kxh4 Kg6 43. Kg3 e5 44. Ra6+ f6
45. a5 Ra4 46. f4 exf4+ 47. exf4 Ra1 48. Ra8 h5 49. f5+ Kh6
50. Rh8+ Kg7 51. Rxh5 Rxa5 52. Rh1 Ra3+ 53. Kh4 Ra7 54. Rb1
Kf7 55. Kh5 Kg7 56. Rb6 Rc7 57. g5 fxg5 58. Kxg5 Ra7 59. Rg6+
Kf7 60. Rh6 Kg7 61. f6+ Kg8 62. Kg6 Rg7+ 63. fxg7 1/2-1/2

[Event "European Team Championship"]
[Site "Porto Carras GRE"]
[Date "2011.11.04"]
[EventDate "?"]
[Round "2"]
[Result "1/2-1/2"]
[White "Arkadij Naiditsch"]
[Black "Maxim Rodshtein"]
[WhiteElo "2712"]
[BlackElo "2645"]
[PlyCount "21"]

1. e4 c6 2. d4 d5 3. exd5 cxd5 4. c4 Nf6 5. Nc3 Nc6 6. Bg5 e6
7. Nf3 Be7 8. c5 O-O 9. Bb5 Ne4 10. Bxe7 Nxe7 11. Rc1 1/2-1/2

[Event "Aeoroflot Open"]
[Site "Moscow RUS"]
[Date "2012.02.07"]
[EventDate "2012.02.07"]
[Round "1"]
[Result "1-0"]
[White "Maxim Rodshtein"]
[Black "Lu Shanglei"]
[WhiteElo "2634"]
[BlackElo "2516"]
[PlyCount "29"]

1. d4 d5 2. c4 e6 3. Nc3 Nf6 4. cxd5 exd5 5. Bg5 c6 6. e3 Be7
7. Qc2 Bg4 8. Bd3 Nbd7 9. h3 Bh5 10. f4 Bg6 11. f5 Bh5 12. Bf4
g6 13. g4 gxf5 14. gxh5 Ne4 15. O-O-O 1-0

[Event "13th European Individual Championship"]
[Site "Plovdiv BUL"]
[Date "2012.03.22"]
[EventDate "2012.03.20"]
[Round "3.75"]
[Result "0-1"]
[White "Hagen Poetsch"]
[Black "Maxim Rodshtein"]
[WhiteElo "2432"]
[BlackElo "2652"]
[PlyCount "68"]

1. e4 c5 2. Nf3 e6 3. Nc3 a6 4. d4 cxd4 5. Nxd4 d6 6. Be3 Nf6
7. g4 h6 8. h3 Nc6 9. Bg2 Ne5 10. Qe2 g5 11. Nf3 Nfd7 12. Bd4
b5 13. O-O-O Qa5 14. h4 Rg8 15. hxg5 hxg5 16. a3 Bb7 17. Nd2
Rc8 18. Nb3 Qc7 19. Kb1 Be7 20. Rh6 Ng6 21. Rdh1 Nde5 22. Qd1
Nc4 23. Ne2 Nh4 24. R1xh4 gxh4 25. f4 e5 26. Bf2 exf4 27. Nbd4
f3 28. Bxf3 Bg5 29. Rh5 Nd2+ 30. Ka1 Nxf3 31. Nxf3 Qxc2
32. Qxd6 Bxe4 33. Nd2 Qd1+ 34. Ka2 Bb1+ 0-1

[Event "13th European Individual Championship"]
[Site "Plovdiv BUL"]
[Date "2012.03.24"]
[EventDate "2012.03.20"]
[Round "5"]
[Result "0-1"]
[White "Kirill Alekseenko"]
[Black "Maxim Rodshtein"]
[WhiteElo "2367"]
[BlackElo "2652"]
[PlyCount "140"]

1. e4 c5 2. Nf3 d6 3. d4 cxd4 4. Nxd4 Nf6 5. Nc3 a6 6. Be2 e6
7. O-O Be7 8. f4 O-O 9. a4 Nc6 10. Be3 Qc7 11. Bf3 Re8 12. Kh1
Rb8 13. Qd2 Bd7 14. Nb3 b6 15. g4 Bc8 16. g5 Nd7 17. Bg2 Na5
18. Qf2 Nc4 19. Bc1 Bb7 20. Nd4 Bf8 21. b3 Na5 22. Bb2 Nc6
23. Rad1 Rbc8 24. Nde2 Nb4 25. Qh4 Be7 26. Ng3 g6 27. f5 Ne5
28. fxe6 fxe6 29. Nce2 Bf8 30. Nd4 Nbc6 31. Nxc6 Bxc6 32. Rf2
Bg7 33. Ba3 Rcd8 34. Rfd2 Nf7 35. Nf1 b5 36. axb5 axb5 37. Bb4
Qe7 38. Ne3 h5 39. e5 Bxg2+ 40. Nxg2 Bxe5 41. Qe4 Qxg5 42. Nh4
d5 43. Qxg6+ Qxg6 44. Nxg6 Kh7 45. Rf1 Kxg6 46. Rg2+ Ng5
47. Bd2 Bf6 48. h4 Rf8 49. Bxg5 Bxg5 50. Rxg5+ Kh6 51. Re1
Rde8 52. Kg2 Rf6 53. Rxd5 Rg8+ 54. Rg5 Rxg5+ 55. hxg5+ Kxg5
56. Re5+ Kf4 57. Rxh5 e5 58. Rh8 Ke3 59. Rb8 e4 60. Rxb5 Ke2
61. b4 Rg6+ 62. Kh3 e3 63. Rb8 Kd2 64. b5 e2 65. Rd8+ Kxc2
66. Rc8+ Kd2 67. Rd8+ Ke1 68. Ra8 Re6 69. b6 Rxb6 70. Re8 Rd6
0-1

[Event "13th European Individual Championship"]
[Site "Plovdiv BUL"]
[Date "2012.03.28"]
[EventDate "2012.03.20"]
[Round "8"]
[Result "1-0"]
[White "Maxim Rodshtein"]
[Black "Dariusz Swiercz"]
[WhiteElo "2652"]
[BlackElo "2565"]
[PlyCount "163"]

1. Nf3 d5 2. d4 Nf6 3. c4 e6 4. Nc3 Bb4 5. Bg5 h6 6. Bxf6 Qxf6
7. Qa4+ Nc6 8. e3 O-O 9. Be2 a6 10. Qb3 dxc4 11. Qxc4 Bd6
12. O-O Bd7 13. Ne4 Qe7 14. Rac1 Rfc8 15. Rfd1 Nd8 16. Qc2 Bc6
17. Ned2 Bb5 18. Ne4 Nc6 19. a3 Nb8 20. Bxb5 axb5 21. d5 Na6
22. dxe6 Qxe6 23. Nd4 Qd7 24. Nxd6 cxd6 25. Qb3 Rxc1 26. Rxc1
Rc8 27. Rd1 Rc5 28. h3 Nc7 29. Qd3 Rg5 30. f4 Rc5 31. Kh2 g6
32. Qe4 Ne8 33. Nb3 Rc4 34. Qd3 Qe7 35. Nd2 Rc6 36. Ne4 h5
37. Nc3 Nc7 38. e4 Qf6 39. f5 Qe5+ 40. Kh1 Kg7 41. Rf1 Rc5
42. Qf3 Qf6 43. Ne2 Re5 44. Nf4 Ne8 45. Qg3 Kh7 46. Nd5 Qg7
47. Qd3 gxf5 48. exf5 Nf6 49. Nc3 d5 50. Nxb5 Ne4 51. Kh2 Re8
52. Nc3 Qe5+ 53. Kg1 Nxc3 54. bxc3 Qe3+ 55. Qxe3 Rxe3 56. Rb1
Rxc3 57. Rxb7 Kg7 58. a4 Ra3 59. Rb4 Kf6 60. Kf2 Kxf5 61. Rh4
Ke6 62. Ke2 f5 63. Kd2 Ke5 64. Rxh5 Ke4 65. g4 f4 66. Rh8 Ra2+
67. Ke1 Kf3 68. g5 Kg2 69. g6 f3 70. Rf8 Re2+ 71. Kd1 Re7
72. h4 f2 73. h5 Rg7 74. Ke2 Re7+ 75. Kd3 f1=Q+ 76. Rxf1 Kxf1
77. h6 Kf2 78. g7 Re3+ 79. Kd4 Rg3 80. a5 Kf3 81. a6 Rg4+
82. Kxd5 1-0